César Award for Best Foreign Film - Statistics

General Stats
  • This quiz has been taken 20 times
  • The average score is 13 of 42
Answer Stats
Year Original title/Director Country Film % Correct
2013 D: Ben Affleck United States Argo
92%
2006 D: Clint Eastwood United States Million Dollar Baby
75%
1994 D: Jane Campion Australia The Piano
67%
1985 D: Miloš Forman United States Amadeus
58%
2012 D: Asghar Farhadi Iran A Separation
58%
2016 D: Alejandro González Iñárritu United States Birdman
58%
2005 D: Sofia Coppola United States Lost in Translation
58%
2002 D: David Lynch United States Mulholland Drive
58%
1988 D: Bernardo Bertolucci IT/GB The Last Emperor
58%
1987 Der Name der Rose West Germany The Name of the Rose
58%
2010 D: Clint Eastwood United States Gran Torino
50%
1999 La vita è bella Italy Life is Beautiful
50%
2000 Todo sobre mi madre Spain All About My Mother
42%
1984 Fanny och Alexander Sweden Fanny and Alexander
42%
1980 D: Woody Allen United States Manhattan
42%
1982 D: David Lynch Great Britain The Elephant Man
42%
2003 D: Michael Moore United States Bowling for Columbine
33%
1990 D: Stephen Frears United States Dangerous Liaisons
33%
2017 D: Ken Loach UK, FR, BE, DE I, Daniel Blake
33%
2015 D: Xavier Dolan Canada Mommy
33%
1997 D: Lars von Trier Denmark Breaking the Waves
25%
2004 D:Clint Eastwood United States Mystic River
25%
2008 Das Leben der Anderen Germany The Lives of Others
25%
1986 D: Woody Allen United States The Purple Rose of Cairo
25%
2009 ואלס עם באשיר / Vals Im Bashir Israel Waltz with Bashir
25%
1978 Una giornata particolare Italy A Special Day
17%
1989 Out of Rosenheim West Germany Bagdad Café
17%
1995 D: Mike Newell Great Britain Four Weddings and a Funeral
17%
2001 花樣年華 / Fa yeung nin wa United States In the Mood for Love
17%
2007 D: Jonathan Dayton, Valerie Faris United States Little Miss Sunshine
17%
2011 D: David Fincher United States The Social Network
17%
1992 Toto le héros Belgium Toto the Hero
17%
1993 Tacones lejanos Spain High Heels
8%
1976 Profumo di donna Italy Scent of a Woman
8%
1981 影武者 / Kagemusha Japan Shadow Warrior
8%
2014 D: Felix Van Groeningen Belgium The Broken Circle Breakdown
8%
1979 L'albero degli zoccoli Italy The Tree of Wooden Clogs
8%
1983 D: Blake Edwards Great Britain Victor Victoria
8%
1977 C'eravamo tanto amati Italy We All Loved Each Other So Much
8%
1998 D: Mark Herman Great Britain Brassed Off
0%
1991 D: Peter Weir United States Dead Poets Society
0%
1996 D: Ken Loach Great Britain Land and Freedom
0%
No matching quizzes found
Score Distribution
Percent of People with Each Score
Percentile by Number Answered
Your Score History
You have not taken this quiz